Study guide for organic chemistry
Tallennettuna:
| Päätekijä: | |
|---|---|
| Aineistotyyppi: | Kirja |
| Kieli: | Undetermined |
| Julkaistu: |
Toronto
D. C. Heath and Company
1989
|
| Aiheet: | |
| Tagit: |
Lisää tagi
Ei tageja, Lisää ensimmäinen tagi!
|
| Thư viện lưu trữ: | Trung tâm Học liệu Trường Đại học Cần Thơ |
|---|
| LEADER | 00567nam a2200193Ia 4500 | ||
|---|---|---|---|
| 001 | CTU_144469 | ||
| 008 | 210402s9999 xx 000 0 und d | ||
| 020 | |c 39.68 | ||
| 082 | |a 547 | ||
| 082 | |b E29 | ||
| 100 | |a Ege, Seyhan | ||
| 245 | 0 | |a Study guide for organic chemistry | |
| 245 | 0 | |c Seyhan Ege, Roberta W. Kleinman, Marjorie L. C. Carter | |
| 260 | |a Toronto | ||
| 260 | |b D. C. Heath and Company | ||
| 260 | |c 1989 | ||
| 650 | |a Chemistry, Organic,Hóa học, hữu cơ | ||
| 910 | |a Nguyên | ||
| 980 | |a Trung tâm Học liệu Trường Đại học Cần Thơ | ||